000 03400nam a22004217a 4500
005 20111109101022.0
010 _aENG-104065 B-464634-648
020 _a9780198078807
_c295.00
020 _a0198078803
_c295.00
035 _aEN-87598 B-464634-648
037 _bDBAD/PUB
037 _bRBC/Ven
082 _a954
100 _aTrautmann, Thomas R.
_949403
245 _aIndia :
_bbrief history of a civilization /
_cby Thomas R. Trautmann
260 _aNew Delhi
_bOxford University Press
_c2011
270 _aYMCA Library Building, 1, Jai Singh Road
_bNew Delhi
_e110001
300 _axv,243p. :
_bill.
_c21cm (pbk)
500 _aIncludes bibliographical references (p. 227-232) and index.
942 _2ddc
_cEN
_h954
_mTRA
999 _c58241
_d58241